000 00560nam 22001813 4500
001 199495
090 _a199495
100 _a20251212d u||y0pory50 ba
200 _aAs democracias populares
_fFrançois Fejtö
210 _aMem Martins
_cPublicações Europa América
_d1975
215 _a2 vols: (336, 351 p.)
_cbrochado
_d18 cm
327 _avol. 1: A era de Estaline vol. 2: Depois de Estaline
606 _91246
_aPolítica
675 _a32
_vPT
_zpor
700 _915345
_aFeijö
_bFrançois
801 _aPT
_bBMMN
_gRPC
830 _cFernando
_fFernando
990 _cLIVROS